Afrikaans Words - Emotions and Feelings #1 - Statistics

General Stats
  • This quiz has been taken 27 times
  • The average score is 15 of 31
Answer Stats
English Words Afrikaans Words % Correct
Happiness Geluk
80%
Sad Hartseer
80%
Sadness Hartseer
80%
Sadly Hartseer
80%
Angry Kwaad
80%
Angrily Kwaad
80%
Scared Bang
70%
Scaredly Bang
70%
Happy Gelukkig
70%
Happily Gelukkig
70%
Proud Trots
70%
Pride Trots
70%
Proudly Trots
70%
Excited Opgewonde
60%
Excitedly Opgewonde
60%
Grateful Dankbaar
50%
Gratefully Dankbaar
50%
Gratitude Dankbaarheid
50%
Honour Eer
50%
Pleasure Plesier
40%
Exciting Opwindend
30%
Nervous Senuweeagtig
30%
Nervously Senuweeagtig
30%
Anger Woede
30%
Excitement Opgewondenheid
20%
Fear Vrees
20%
Nervousness Senuweeagtigheid
10%
Scaring Skrikwekkend
10%
Pleased Tevrede
10%
Honoured Vereer
10%
Honouring Vereer
10%
No matching quizzes found
Score Distribution
Percent of People with Each Score
Percentile by Number Answered
Your Score History
You have not taken this quiz